00658nam a2200205Ia 4500001002200000003000900022008004100031040002300072041001300095100002800108240001000136245001700146250002400163260002700187300003100214490003200245501012400277520001700401700003400418832-GOE jo fa (16955)IT-MiSPE171229s9999||||xx |||||||||||||| ||und|| aIT-MiSPEcIT-MiSPE aITALIANO aJohann Wolfgang Goethe  aFaust 0aIl FaustbI. a7 (Mondadori, s.d.) aFirenzebSansonic1949 aXXXI, 424 p. [3 v.]c16 cm a Biblioteca stranierav 1° aEdizioni San Paolo srl - Piazza Soncino, 5 - 20092 CINISELLO BALSAMO (MI) (non commercial uses only) ® Copyright 2018 aEd. bilingue aGuido Manacordag(traduzione)